| 000 | 00000cam 2200000zi 4500 |
| 001 | 9.961526 |
| 003 | CaOODSP |
| 005 | 20260526085103 |
| 006 | m o d f |
| 007 | cr mn||||||||| |
| 008 | 260331s2006 onca o f000 0 eng d |
| 040 | |aCaOODSP|beng|erda|cCaOODSP |
| 043 | |an-cn--- |
| 086 | 1 |aT52-4/286-1998E-PDF |
| 245 | 00|aSATOPS : |bfinal report - Spring 1998. |
| 264 | 1|a[Ottawa] : |bTransport Canada, Safety and Security = Transports Canada, Sécurité et sûreté, |c1998. |
| 300 | |a1 online resource (iv, 56 pages) : |billustration |
| 336 | |atext|btxt|2rdacontent |
| 337 | |acomputer|bc|2rdamedia |
| 338 | |aonline resource|bcr|2rdacarrier |
| 500 | |aIssued also in French under title: SATOPS : rapport final - printemps 1998. |
| 500 | |a"TP 13158 E." |
| 650 | 0|aAir taxis|zCanada|xSafety measures. |
| 650 | 0|aAircraft accidents|zCanada|xPrevention. |
| 710 | 1 |aCanada. |bTransport Canada. |bSafety and Security, |eissuing body. |
| 775 | 08|tSATOPS : |w(CaOODSP)9.963064 |
| 856 | 40|qPDF|s199 KB|uhttps://publications.gc.ca/collections/collection_2026/tc/T52-4-286-1998-eng.pdf |
| 856 | 4 |qHTML|sN/A|uhttps://tc.canada.ca/en/aviation/publications/satops-final-report-tp-13158 |
| 986 | |aTP 13158 E |